| 000 | 00570nam a2200193Ia 4500 | ||
|---|---|---|---|
| 003 | GCL | ||
| 008 | 140319s9999 xx 000 0 ara d | ||
| 040 |
_aGCL / _cGCL |
||
| 082 | 0 | 4 |
_a276.18 _bس م |
| 100 | 1 | _aستوت، جون | |
| 245 | 1 | 0 |
_aالمسيحية والقضايا المعاصرة / _cستوت، جون |
| 700 | 1 | _aنجيب جرجور | |
| 260 |
_a[S.N] : _bدار الثقافة العربية ، _c1993 |
||
| 300 | _a346 ص | ||
| 490 | _a | ||
| 650 | 0 | 4 | _aالكتاب المقدس |
| 650 | 0 | 4 | _aالمسيحية والثقافة |
| 942 |
_2ddc _cBK |
||
| 999 |
_c33658 _d33658 |
||